LEADER 01328nam0 22003251i 450 001 SUN0033882 005 20110405101046.504 010 $a32-14-00204-x 100 $a20050310d1993 |0engc50 ba 101 $aeng 102 $aGB 105 $a|||| ||||| 200 1 $aInternational human rights$edocuments and introductory notes$fedited and annotated by Felix Ermacora, Manfred Nowak, Hannes Tretter 210 $aVienna$cLaw books in Europe$aLondon$cSweet & Maxwell$d1993 215 $avii, 343 p.$d24 cm. 606 $aDiritti umani$xLegislazione internazionale$2FI$3SUNC005195 620 $aGB$dLondon$3SUNL000015 620 $dVienna$3SUNL000107 676 $a341.481026$v21 702 1$aErmacora$b, Felix$3SUNV028449 702 1$aNowak$b, Manfred$3SUNV028450 702 1$aTretter$b, Hannes$3SUNV028451 712 $aSweet & Maxwell$3SUNV001739$4650 712 $aLaw books in Europe$3SUNV004863$4650 801 $aIT$bSOL$c20181109$gRICA 912 $aSUN0033882 950 $aUFFICIO DI BIBLIOTECA DEL DIPARTIMENTO DI GIURISPRUDENZA$d00 CONS XIII.El.48 $e00 6417 995 $aUFFICIO DI BIBLIOTECA DEL DIPARTIMENTO DI GIURISPRUDENZA$h6417$kCONS XIII.El.48$op$qa 996 $aInternational human rights$9748990 997 $aUNICAMPANIA LEADER 02146nam 2200625 450 001 9910464734503321 005 20200903223051.0 010 $a90-272-7023-6 035 $a(CKB)3710000000134661 035 $a(SSID)ssj0001224737 035 $a(PQKBManifestationID)12528411 035 $a(PQKBTitleCode)TC0001224737 035 $a(PQKBWorkID)11264181 035 $a(PQKB)11477206 035 $a(MiAaPQ)EBC1717621 035 $a(Au-PeEL)EBL1717621 035 $a(CaPaEBR)ebr10886311 035 $a(CaONFJC)MIL621877 035 $a(OCoLC)881887467 035 $a(EXLCZ)993710000000134661 100 $a20140702h20142014 uy 0 101 0 $aeng 135 $aurcnu|||||||| 181 $ctxt 182 $cc 183 $acr 200 00$aLanguage acquisition in study abroad and formal instruction contexts /$fedited by Carmen Pe?rez Vidal 210 1$aAmsterdam, Netherlands ;$aPhiladelphia, Pennsylvania :$cJohn Benjamins Publishing Company,$d2014. 210 4$dİ2014 215 $a1 online resource (335 pages) 225 1 $aAILA Applied Linguistics Series,$x1875-1113 ;$vVolume 3 300 $aBibliographic Level Mode of Issuance: Monograph 311 $a90-272-0531-0 320 $aIncludes bibliographical references at the end of each chapters and index. 410 0$aAILA applied linguistics series ;$vVolume 3. 606 $aLanguage teachers$xTraining of 606 $aLanguage acquisition$xStudy and teaching 606 $aLanguage and languages$xStudy and teaching 606 $aForeign study 606 $aLanguage and culture 608 $aElectronic books. 615 0$aLanguage teachers$xTraining of. 615 0$aLanguage acquisition$xStudy and teaching. 615 0$aLanguage and languages$xStudy and teaching. 615 0$aForeign study. 615 0$aLanguage and culture. 676 $a418.0071 702 $aPe?rez Vidal$b Carmen 801 0$bMiAaPQ 801 1$bMiAaPQ 801 2$bMiAaPQ 906 $aBOOK 912 $a9910464734503321 996 $aLanguage acquisition in study abroad and formal instruction contexts$92069433 997 $aUNINA LEADER 01114nam a2200349 i 4500 001 991001154609707536 005 20020507184236.0 008 960916s1967 us ||| | eng 035 $ab10808309-39ule_inst 035 $aLE01307882$9ExL 040 $aDip.to Matematica$beng 082 0 $a515.38 084 $aAMS 39-01 084 $aAMS 39-XX 084 $aAMS 45-XX 084 $aAMS 45J05 084 $aAMS 45K05 100 1 $aSaaty, Thomas L.$014108 245 10$aModern nonlinear equations /$cThomas L. Saaty 260 $aNew York :$bMcGraw-Hill,$cc1967 300 $axv, 473 p. ;$c23 cm. 500 $aIncludes bibliographies 650 4$aDifference equations 650 4$aFunctional equations 650 4$aIntegral equations 650 4$aNonlinear theories 907 $a.b10808309$b21-09-06$c28-06-02 912 $a991001154609707536 945 $aLE013 39-XX SAA11 (1967)$g1$i2013000059921$lle013$o-$pE0.00$q-$rl$s- $t0$u0$v0$w0$x0$y.i10913403$z28-06-02 996 $aModern nonlinear equations$9330816 997 $aUNISALENTO 998 $ale013$b01-01-96$cm$da $e-$feng$gus $h0$i1